Patria potestad, filiacin̤ y adopcin̤ Cuaderno IV

Detalles Bibliográficos
Otros Autores: Lled ̤Yagüe, Francisco, Domňech Salvador, Adela Mara̕
Formato: Capítulo de libro
Lenguaje:español
Publicado: Madrid : Dykinson, 2011
Colección:Cuadernos prc̀ticos Bolonia Familia IV
Materias:
Acceso en línea:Acceso restringido

MARC

LEADER 00000naa a22000007a 4500
005 20111010115659.0
008 111010s2011 sp |||||s|||| 00||0 spa d
020 |a 978-84-9982-137-5  
035 |a 5762 
040 |a vLex 
090 |c 2642  |d 2642 
245 0 0 |a Patria potestad, filiacin̤ y adopcin̤  |h [Recurso electrn̤ico] /  |c Francisco LLed ̤Yagüe  |n Cuaderno IV 
256 |a Servicio en ln̕ea. 
260 |a Madrid :  |b Dykinson,  |c 2011 
300 |a 1 recurso electrn̤ico 
506 1 |a Contenido solo disponible en los productos indicados  |d vLex Global  |d vLex Global (Academic Edition, excluding Law Schools)  |d vLex Global (U.S. Academic Edition, Law Schools)  |d vLex Global (U.S. Academic Edition, excluding Law Schools)  |d vLex Global (Academic Edition, Law Schools) 
650 0 4 |a Matrimonio  |x Derecho y legislacin̤  |z Espaą 
700 1 |a Lled ̤Yagüe, Francisco  
700 1 |a Domňech Salvador, Adela Mara̕  
740 0 |a vLex Libros (Servicio en ln̕ea) 
830 0 |a Cuadernos prc̀ticos Bolonia  |p Familia  |v IV 
856 4 0 |u http://vlex.com/source/cuadernos-practicos-bolonia-familia-patria-potestad-filiacion-adopcion-5762  |z Acceso restringido 
942 |c BOOK